000 00476nam a2200193Ia 4500
008 101110s9999 xx 000 0 und d
041 _aMARATHI
082 _bSR16236
_a891.4692
100 _aHerwadkar R.V.
245 _aShiv-Chchatrapatinche Charitra
365 _b30
520 _aMarathi
546 _aMARATHI
630 _aShiv-Chchatrapatinche Charitra
650 _aMarathi
655 _aMarathi
730 _aShiv-Chchatrapatinche Charitra
942 _cBOOK
999 _c810063
_d810060